Statistics for All-Time Olympic Games Medal Table - In Order

Click here to take the quiz!

General Stats

  • This quiz has been taken 46 times
    (19 since last reset)
  • The average score is 45 of 156

Answer Stats

AreaAnswerGSBTotal% Correct
2Europe/AsiaSoviet Union4733763551204
100%
1N. AmericaUnited States11669488272941
100%
5AsiaChina275227194696
87%
6EuropeFrance262293333888
87%
4EuropeGermany293293306892
87%
3EuropeGreat Britain296320332948
87%
7EuropeItaly257224261742
87%
9Europe/AsiaRussia196164187547
80%
8EuropeSweden205222234661
73%
14OceaniaAustralia169178215562
67%
15N. AmericaCanada144172209525
67%
13EuropeHungary182156180518
67%
12AsiaJapan183172200555
67%
10EuropeNorway192176160528
67%
11EuropeEast Germany192165162519
60%
16EuropeFinland144148180472
53%
17EuropeNetherlands140148163451
53%
18AsiaSouth Korea127116114357
53%
19EuropeSwitzerland109124125358
53%
45S. AmericaArgentina21263077
47%
22EuropeAustria83115128326
47%
34S. AmericaBrazil374271150
47%
47EuropeCroatia18191552
47%
21N. AmericaCuba857185241
47%
28EuropeCzechoslovakia515760168
47%
39EuropeCzech Republic28323898
47%
43AfricaEthiopia23122358
47%
41N. AmericaJamaica26362587
47%
37AfricaKenya354236113
47%
27OceaniaNew Zealand533453140
47%
20EuropeRomania9097122309
47%
40AfricaSouth Africa27332989
47%
29EuropeSpain497250171
47%
24EuropeWest Germany678294243
47%
38EuropeYugoslavia28343294
47%
44EuropeBelarus213547103
40%
31EuropeBelgium445661161
40%
25EuropeBulgaria559085230
40%
30EuropeDenmark487979206
40%
36EuropeGreece354441120
40%
42AsiaIran24232976
40%
53EuropeIreland11101435
40%
51N. AmericaMexico13243673
40%
23EuropePoland7996145320
40%
67EuropeSerbia671124
40%
52EuropeSlovakia1318940
40%
55EuropeSlovenia10142145
40%
32Asia/EuropeTurkey412637104
40%
69S. AmericaColombia5131533
33%
56AsiaGeorgia10121840
33%
57AsiaIndia1091433
33%
75AfricaNigeria3111327
33%
70EuropePortugal591428
33%
33EuropeUkraine383772147
33%
54AsiaUzbekistan1162037
33%
71AfricaAlgeria54817
27%
60AfricaEgypt8111938
27%
50EuropeEstonia14111843
27%
59AsiaIndonesia8141537
27%
48AsiaKazakhstan16244080
27%
49AsiaNorth Korea16172356
27%
46Europe/AsiaRussian Olympic Committee20282371
27%
72AfricaTunisia53715
27%
74AfricaUganda44311
27%
26Europe or AsiaUnified Team544437135
27%
35EuropeUnited Team of Germany366041137
27%
73S. AmericaVenezuela471021
27%
63AsiaAzerbaijan7142849
20%
62N. AmericaBahamas82616
20%
64AsiaChinese Taipei7111836
20%
134Asia (Europe)Cyprus0101
20%
77N. AmericaDominican Republic35412
20%
149S. AmericaGuyana0011
20%
129N. AmericaHaiti0112
20%
89AsiaHong Kong2349
20%
82AsiaIsrael31913
20%
84EuropeKosovo3003
20%
68EuropeLatvia5141130
20%
66EuropeLithuania671326
20%
65AfricaMorocco751224
20%
134S. AmericaParaguay0101
20%
90N. AmericaPuerto Rico22610
20%
127EuropeSan Marino0123
20%
58AsiaThailand1081735
20%
76N. AmericaTrinidad and Tobago351119
20%
147AsiaAfghanistan0022
13%
86AsiaArmenia28818
13%
78OceaniaAustralasia34512
13%
93AsiaBahrain2204
13%
149N. AmericaBarbados0011
13%
110N. AmericaBermuda1012
13%
126EuropeBohemia0134
13%
129AfricaBotswana0112
13%
147N. AmericaBritish West Indies0022
13%
149AfricaBurkina Faso0011
13%
108AfricaBurundi1102
13%
83AfricaCameroon3126
13%
87S. AmericaChile27413
13%
102N. AmericaCosta Rica1124
13%
102AfricaCote D'Ivoire1124
13%
149AfricaDjibouti0011
13%
81S. AmericaEcuador3205
13%
149AfricaEritrea0011
13%
95OceaniaFiji2013
13%
134AfricaGabon0101
13%
125AfricaGhana0145
13%
106N. AmericaGrenada1113
13%
134N. AmericaGuatemala0101
13%
119EuropeIceland0224
13%
110?Independent Olympic Athletes1012
13%
127?Independent Olympic Participants0123
13%
149AsiaIraq0011
13%
106AsiaJordan1113
13%
146AsiaKuwait0033
13%
117AsiaKyrgyzstan0347
13%
119AsiaLebanon0224
13%
90EuropeLiechtenstein22610
13%
99EuropeLuxembourg1304
13%
115AsiaMalaysia08513
13%
149AfricaMauritius0011
13%
61?Mixed team85417
13%
118EuropeMoldova0246
13%
85AsiaMongolia2111730
13%
134EuropeMontenegro0101
13%
110AfricaMozambique1012
13%
116AfricaNamibia0505
13%
134N. AmericaNetherlands Antilles0101
13%
129AfricaNiger0112
13%
129EuropeNorth Macedonia0112
13%
88Europe/AsiaOlympic Athletes from Russia26917
13%
80AsiaPakistan33410
13%
109N. AmericaPanama1023
13%
99S. AmericaPeru1304
13%
96AsiaPhilippines15814
13%
94AsiaQatar2158
13%
97Europe/AsiaRussian Empire1438
13%
134OceaniaSamoa0101
13%
119AsiaSaudi Arabia0224
13%
134AfricaSenegal0101
13%
122EuropeSerbia and Montenegro0202
13%
101AsiaSingapore1225
13%
122AsiaSri Lanka0202
13%
134AfricaSudan0101
13%
110S. AmericaSuriname1012
13%
102AsiaSyria1124
13%
102AsiaTajikistan1124
13%
122AfricaTanzania0202
13%
149AfricaTogo0011
13%
134OceaniaTonga0101
13%
134AsiaTurkmenistan0101
13%
110AsiaUnited Arab Emirates1012
13%
90S. AmericaUruguay22610
13%
134N. AmericaUS Virgin Islands0101
13%
98AsiaVietnam1315
13%
129AfricaZambia0112
13%
79AfricaZimbabwe3418
13%

Score Distribution

Percentile by Number Answered

Percent of People with Each Score

Your Score History

You have not taken this quiz since the last reset